| 000 | 00622nam a2200265Ia 4500 | ||
|---|---|---|---|
| 008 | 170712s9999 xx 000 0 und d | ||
| 020 | _a9718845046 | ||
| 050 | _a823 | ||
| 050 | _bJ831 2004 | ||
| 100 | _aJose, F. Sionil | ||
| 245 | _aViajero : | ||
| 245 | _ba Filipino novel / | ||
| 245 | _cby F. Sionil Jose. | ||
| 250 | _aThird edition | ||
| 260 | _aPhilippines : | ||
| 260 | _bSolidaridad, | ||
| 260 | _c2004 | ||
| 300 | _a313 pages : | ||
| 300 | _billustrations ; | ||
| 300 | _c22cm. | ||
| 650 | _aPhilippines -- | ||
| 650 | _aPhilippines. | ||
| 650 | _aTitle. | ||
| 650 | _xHistory -- Fiction. | ||
| 999 |
_c340387 _d340387 |
||